Практическая медицина. 2017, № 9 (110), т. 2: Офтальмология (Запись № 12262119)
[ простой вид ]
| 000 -МАРКЕР | |
|---|---|
| контрольное поле | 01396nam2a2200265 4500 |
| 001 - ИДЕНТИФИКАТОР ЗАПИСИ | |
| контрольное поле | RU\NLR\BIBL_A\011556344 |
| 005 - ИДЕНТИФИКАТОР ВЕРСИИ | |
| контрольное поле | 20250626092336.0 |
| 035 ## - ДРУГИЕ СИСТЕМНЫЕ НОМЕРА | |
| Идентификатор записи | (NLR Aleph) 011556344 |
| 100 ## - ДАННЫЕ ОБЩЕЙ ОБРАБОТКИ | |
| Данные общей обработки | 20171212d2017 |||y0rusy50 ca |
| 101 0# - ЯЗЫК РЕСУРСА | |
| Язык текста, звукозаписи и т.д. | русский |
| 102 ## - СТРАНА ПУБЛИКАЦИИ ИЛИ ПРОИЗВОДСТВА | |
| Страна публикации | Российская Федерация |
| 200 1# - ЗАГЛАВИЕ И СВЕДЕНИЯ ОБ ОТВЕТСТВЕННОСТИ | |
| Основное заглавие | Офтальмология |
| Параллельное заглавие | Ophthalmology |
| Язык параллельного заглавия | английский |
| 210 ## - ПУБЛИКАЦИЯ, РАСПРОСТРАНЕНИЕ И ДР. | |
| Дата издания, распространения и т.д. | 2017 |
| Место издания, распространения и т.д. | Б. м. |
| 461 #0 - УРОВЕНЬ НАБОРА | |
| Встроенное поле | 001RU\NLR\Per\627980 |
| -- | 2001#$aПрактическая медицина$dPractical medicine$eнаучно-практический рецензируемый медицинский журнал$eжурнал для практикующих врачей$zeng$v2017, № 9 (110), т. 2 |
| Системный номер (АБИС) связанной записи | 3252231 |
| Место публикации | Казань |
| Дата публикации | 2009 - |
| Параллельное заглавие | Practical medicine |
| Имя издателя, распространителя и т.д. | Практика |
| Сведения, относящиеся к заглавию | научно-практический рецензируемый медицинский журнал : журнал для практикующих врачей |
| Заглавие | Практическая медицина |
| ISSN | 2072-1757 |
| Номер тома | 2017, № 9 (110), т. 2 |
| 510 1# - ПАРАЛЛЕЛЬНОЕ ЗАГЛАВИЕ | |
| Параллельное заглавие | Ophthalmology |
| Язык заглавия | английский |
| 600 #1 - ИМЯ ЛИЦА КАК ПРЕДМЕТ | |
| Начальный элемент ввода | Федоров |
| Часть имени, кроме начального элемента ввода | С.Н. |
| Даты | 1927 - 2000 |
| Расширение инициалов личного имени | Святослав Николаевич |
| Системный номер авторитетной/нормативной записи | 1838219 |
| Идентификатор авторитетной/нормативной записи | RU\NLR\AUTH\66831860 |
| 606 1# - НАИМЕНОВАНИЕ ТЕМЫ КАК ПРЕДМЕТ | |
| Наименование темы | Офтальмология |
| Формальный подзаголовок | Сборники |
| Системный номер авторитетной/нормативной записи | 902679 |
| Идентификатор авторитетной/нормативной записи | RU\NLR\AUTH\668393 |
| 686 1# - ИНДЕКСЫ ДРУГИХ КЛАССИФИКАЦИЙ | |
| Индекс | Р.г(2)7д Фёдоров |
| 686 1# - ИНДЕКСЫ ДРУГИХ КЛАССИФИКАЦИЙ | |
| Индекс | Р67я43 |
| 852 ## - МЕСТОНАХОЖДЕНИЕ И ШИФР ХРАНЕНИЯ | |
| Идентификатор организации | NLR |
| Шифр хранения (Call Number) | П17/1387 |
| 942 ## - ДОПОЛНИТЕЛЬНЫЕ ЭЛЕМЕНТЫ ЗАПИСИ (АБИС) | |
| Тип экземпляра АБИС | Выпуск |
| 980 ## - КОЛЛЕКЦИЯ | |
| Название коллекции | Национальная библиография |
| 980 ## - КОЛЛЕКЦИЯ | |
| Название коллекции | Русская периодика |
Нет доступных экземпляров.